The Four Types of... - Statistics

General Stats
  • This quiz has been taken 730 times
    189 since last reset
  • The average score is 30 of 56
Answer Stats
Category Type % Correct
Blood type A
100%
Blood type B
100%
Blood type O
100%
State of matter gas
95%
State of matter liquid
95%
State of matter solid
94%
Blood type AB
87%
Humors/temperament blood (sanguine)
86%
Classical element fire
83%
Classical element water
83%
Classical element air
81%
Classical element earth
81%
Tooth molar
80%
State of matter plasma
77%
Tooth canine
73%
Horse gait gallop
64%
Fundamental force gravity
63%
Death (cause) homicide
61%
Heart chamber {left} {ventricle}
61%
Heart chamber {right} {ventricle}
61%
Tooth incisor
60%
Death (cause) natural
60%
Horse gait trot
59%
Literary conflict character vs. {character}
58%
Humors/temperament phlegm (phlegmatic)
54%
Death (cause) suicide
53%
Literary conflict character vs. {self}
48%
Tissue (biology) muscular
48%
Love eros (erotic)
47%
Biological macromolecule lipid
47%
Horse gait walk
47%
Death (cause) accident
45%
Heart chamber {left} {atrium}
45%
Biological macromolecule protein
45%
Heart chamber {right} {atrium}
45%
Biological macromolecule carbohydrate
44%
Horse gait canter
43%
Tissue (biology) epithelial
42%
Tissue (biology) connective
37%
Love storge (empathy)
36%
Fundamental force electromagnetism
35%
Literary conflict character vs. {society}
34%
Love philia (friendship)
34%
Literary conflict character vs. {nature}
33%
Fundamental force {strong} {nuclear} force
32%
Fundamental force {weak} {nuclear} force
32%
Love agape (unconditional)
31%
Tissue (biology) nervous
31%
Tooth premolar
31%
Humors/temperament yellow bile (choleric)
29%
Humors/temperament black bile (melancholic)
27%
Sentence function {interroga}tive
19%
Sentence function {impera}tive
18%
Biological macromolecule nucleic acid
18%
Sentence function {declara}tive
14%
Sentence function {exclama}tory
14%
No matching quizzes found
Score Distribution
Percent of People with Each Score
Percentile by Number Answered
Your Score History
You have not taken this quiz since the last reset